000 00903cab a2200265 4500
001 WB3222-20
008 090401t1996 xxu||||| |||| 00| 0 eng d
035 _a(Sirsi) u20776
041 _aeng
245 _aRuling against £1m light loss payment
260 _c1996
350 _a0
490 _aBuilding Design
_v(1267) 31 May 1996, 5(1)
520 _aThe High Court ruling against the Barber-Surgeons livery company`s £1m claim for loss of light from a proposed development on City Corporation land within sight of its Hall, sets an important legal precedent for covenant holders.
650 _aBARBER-SURGEONS LIVERY COMPANY
650 _aCITY CORPORATION
650 _aCOMPENSATION
650 _aCOVENANTS
650 _aLOSS OF LIGHT
650 _aRIGHT TO LIGHT
650 _aROYAL LONDON
690 _aHIGHWAYS RIGHTS OF WAY AND EASEMENTS
942 _n0
948 _c04/03/1997
999 _c13924
_d13924